Episodes of NBC's 'Chuck' Quiz Stats

 Plays Quiz Updated Mar 17, 2020

Support Sporcle.
Go Orange.
Score 0/91 Timer 07:00
0 Plays Today
% Correct
Intersect
88.1%
Ring
78.9%
Sarah
71.8%
Helicopter
68.1%
Goodbye
64.1%
Wookiee
62.2%
Ring: Part 2
59.9%
Tango
59.4%
Marlin
59%
First Date
59%
Ex
57.7%
Beard
57.4%
Alma Mater
57.3%
Sizzling Shrimp
56.8%
Colonel
56.5%
Sandworm
55.2%
Seduction
54.8%
Best Friend
54.6%
Imported Hard Salami
54%
Truth
53.9%
Nemesis
53.7%
Other Guy
53.4%
Santa Claus
52.4%
Suburbs
52.4%
Crown Vic
52.1%
Bo
51.9%
Pink Slip
51.6%
Bullet Train
50.2%
American Hero
50.2%
Honeymooners
49.9%
Break-Up
49.2%
% Correct
Baby
49%
Zoom
48.4%
Cougars
48.1%
Frosted Tips
47.4%
Cliffhanger
47.4%
First Kill
47.3%
Undercover Lover
47.2%
Tom Sawyer
47%
Beefcake
46.5%
DeLorean
46.3%
Gravitron
46%
Three Words
45.9%
Subway
45.9%
Operation Awesome
45.6%
Fat Lady
45.6%
Family Volkoff
44.3%
Cat Squad
44.3%
Third Dimension
44.2%
Dream Job
44.2%
Sensei
43.9%
Santa Suit
43.5%
First Class
43.5%
Mask
43.4%
Angel de la Muerte
43.3%
Tooth
43.3%
Tic Tac
42.3%
Push Mix
41.9%
Bearded Bandit
41.4%
Seduction Impossible
40.3%
Nacho Sampler
40.2%
Final Exam
39.9%
% Correct
Wedding Planner
39.7%
Predator
39.7%
Anniversary
39.6%
Agent X
39.4%
Role Models
38.6%
Balcony
38%
Lethal Weapon
37.8%
Broken Heart
37.7%
Fake Name
37.3%
Muuurder
37.1%
Suitcase
36.5%
Gobbler
36.2%
Kept Man
35.6%
Cubic Z
35.6%
Living Dead
35.1%
Last Details
35%
Hack Off
34.3%
Business Trip
34.2%
Leftovers
33.8%
A-Team
33.8%
Coup D'Etat
32.6%
First Bank of Evil
32.5%
Aisle of Terror
31.9%
First Fight
31.7%
Phase Three
31.1%
Curse
31.1%
Couch Lock
30.9%
Masquerade
30.8%
Fear of Death
28.3%

You're not logged in!

Compare scores with friends on all Sporcle quizzes.
OR
Log In

From the Vault

Five for Five of Six

by MovieGuru

Six categories. Five questions. You do the math.
Remove Ads.
Support Sporcle.
Get the best of Sporcle when you Go Orange. This ad-free experience offers more features, more stats, and more fun while also helping to support Sporcle. Thank you for becoming a member.

Show Comments

Extras

Top Quizzes Today


Score Distribution

Your Account Isn't Verified!

In order to create a playlist on Sporcle, you need to verify the email address you used during registration. Go to your Sporcle Settings to finish the process.

Report this User

Report this user for behavior that violates our Community Guidelines.

Details: